000 01374nam a2200313 i 4500
001 000016980
003 DO-SdBNP
005 20250711124154.0
007 ta
008 100312t1992 dr a s001 0 spa d
040 _aDO-SdBNP
_bspa
_cBNPHU
_erda
082 4 _a379.7293
_bR426p
_222
110 1 _aRepública Dominicana.
_bSecretaría de Estado de Educación, Bellas Artes y Cultos
_923965
245 1 3 _aUn pacto con la patria y el futuro de la educación dominicana
264 1 _aSanto Domingo :
_bSecretaría de Estado de Educación, Bellas Artes y Cultos,
_c1992.
300 _a[89 páginas] :
_bilustraciones ;
_c25 cm.
336 _atecto
_btxt
_2rdacontent
337 _asin mediación
_bn
_2rdamedia
338 _avolumen
_bnc
_2rdacarrier
490 1 _aColección A
_aDocumento
_v1
500 _aA la cabeza del título: Plan Decenal de Educación
500 _aInforme presentado al Excmo. Sr. Presidente de la República Dr. Joaquín Balaguer, por la Comisión para el estudio de la educación dominicana en cumplimiento del mandato dado en el Decreto 209-91 del 31 de mayo del 1991.
590 _aInventariado, 2018/MFF
650 0 _aEducación y estado
_zRepública Dominicana
_951256
650 0 _aPlanificación educativa
_917484
650 4 _aEducación
_zRepública Dominicana
_9737
910 _aValidado. Control de calidad EMS.
942 _2ddc
_cLBS1
999 _c16510
_d16510